Formule 1 - Coéquipiers par pilote #1 - Statistiques

Statistiques générales
  • Ce quiz a été pris 576 fois
    294 depuis la dernière actualisation
  • Le résultat moyen est 26 sur 44
Statistiques - réponses
Pilote Années Pilote Nationalité Ecurie % Correct
Lewis Hamilton 2025- Charles Leclerc Monaco Ferrari
100%
Sebastian Vettel 2019-2020 Charles Leclerc Monaco Ferrari
100%
Lewis Hamilton 2022-2024 George Russell Royaume-Uni Mercedes
100%
Lewis Hamilton 2017-2021 Valtteri Bottas Finlande Mercedes
98%
Lewis Hamilton 2007 Fernando Alonso Espagne McLaren
96%
Jenson Button 2015-2016 Fernando Alonso Espagne McLaren
96%
Jenson Button 2013 Sergio Pérez Mexique McLaren
96%
Max Verstappen 2021-2024 Sergio Pérez Mexique Red Bull
96%
Max Verstappen 2025- Yuki Tsunoda Japon Red Bull
95%
Max Verstappen 2019-2020 Alexander Albon Thaïlande Red Bull
94%
Max Verstappen 2019 Pierry Gasly France Red Bull
94%
Sebastian Vettel 2014 Daniel Ricciardo Australie Red Bull
93%
Max Verstappen 2016-2018 Daniel Ricciardo Australie Red Bull
93%
Max Verstappen 2025 Liam Lawson Nouvelle-Zélande Red Bull
92%
Sebastian Vettel 2015-2018 Kimi Räikkönen Finlande Ferrari
91%
Sebastian Vettel 2021-2022 Lance Stroll Canada Aston Martin
90%
Lewis Hamilton 2013-2016 Nico Rosberg Finlande / Allemagne Mercedes
90%
Michael Schumacher 2010-2012 Nico Rosberg Finlande / Allemagne Mercedes
90%
Max Verstappen 2015-2016 Carlos Sainz Espagne Red Bull
88%
Lewis Hamilton 2010-2012 Jenson Button Royaume-Uni McLaren
83%
Sebastian Vettel 2009-2013 Mark Webber Australie Red Bull
70%
Michael Schumacher 2006 Felipe Massa Brésil Ferrari
62%
Jenson Button 2014 Kevin Magnussen Danemark McLaren
57%
Jenson Button 2010-2012 Lewis Hamilton Royaume-Uni McLaren
56%
Michael Schumacher 2000-2005 Rubens Barrichello Brésil Ferrari
55%
Jenson Button 2006-2009 Rubens Barrichello Brésil Honda, Brawn GP
55%
Jenson Button 2003 Jacques Villeneuve Canada BAR
46%
Lewis Hamilton 2008-2009 Heikki Kovalainen Finlande McLaren
40%
Michael Schumacher 1994 Jos Verstappen Pays-Bas Benetton
40%
Jenson Button 2000 Ralf Schumacher Allemagne Williams
38%
Jenson Button 2016-2017 Stoffel Vandoorne Belgique McLaren
36%
Sebastian Vettel 2008 Sébastien Bourdais France Toro Rosso
30%
Michael Schumacher 1996-1999 Eddie Irvine Royaume-Uni Ferrari
28%
Jenson Button 2002 Jarno Trulli Italie Renault
26%
Jenson Button 2001 Giancarlo Fisichella Italie Benetton
25%
Michael Schumacher 1991 Nelson Piquet Brésil Jordan
24%
Jenson Button 2003-2005 Takuma Satō Japon BAR
20%
Michael Schumacher 1993 Riccardo Patrese Italie Benetton
12%
Sebastian Vettel 2007 Vitantonio Liuzzi Italie BMW Sauber
10%
Michael Schumacher 1991 Andrea de Cesaris Italie Benetton
8%
Michael Schumacher 1994 JJ Lehto Finlande Benetton
8%
Michael Schumacher 1994-1995 Johnny Herbert Royaume-Uni Benetton
8%
Michael Schumacher 1992 Martin Brundle Royaume-Uni Benetton
8%
Jenson Button 2005 Anthony Davidson Royaume-Uni BAR
6%
Aucun quiz correspondant
Distribution des résultats
% des personnes avec chaque résultat
Percentile par nombre de réponses
Votre historique - résultats
Vous n’avez pas pris ce quiz depuis la dernière actualisation